000
00240nam a2200097Ia 4500
001
719451
005
20250826163043.0
008
250824s9999 xx 000 0 und d
245
0
_a
ARKADAŞ ISLIKLARI
_c
ORHAN KEMAL
260
_b
EVEREST YAYINLARI
999
_c
719451
_d
719451